[Event "Florianopolis op 10th"]
[Site "Florianopolis"]
[Date "2024.01.28"]
[Round "10"]
[White "Cordioli, Jairo Ribeiro"]
[Black "Vieira, Jose Renato Braga S"]
[Result "1-0"]
[WhiteElo "1703"]
[BlackElo "1839"]
[PlyCount "59"]
[EventDate "2024.01.20"]
[EventType "swiss"]
[EventRounds "10"]
[EventCountry "BRA"]
[SourceTitle "EXT 2025"]
[Source "ChessBase"]
[SourceDate "2024.10.14"]
[SourceVersion "1"]
[SourceVersionDate "2024.10.14"]
[SourceQuality "1"]

1. d4 Nf6 2. Nf3 g6 3. c4 Bg7 4. Nc3 0-0 5. e4 d6 6. Be2 Nc6 7. 0-0 e5 8. d5 Ne7 9. Ne1 Nd7 10. Nd3 f5 11. f3 b6 12. Be3 f4 13. Bf2 g5 14. b4 a5 15. c5 axb4 16. cxd6 cxd6 17. Nxb4 Nf6 18. Nc6 Qe8 19. Nxe7+ Qxe7 20. Bxb6 h5 21. a4 g4 22. a5 Nd7 23. fxg4 Nxb6 24. axb6 Rxa1 25. Qxa1 hxg4 26. Qa7 Qh4 27. b7 g3 28. hxg3 fxg3 29. Rxf8+ Bxf8 30. bxc8Q 1-0

[Event "Florianopolis op 10th"]
[Site "Florianopolis"]
[Date "2024.01.22"]
[Round "4"]
[White "Cordioli, Jairo Ribeiro"]
[Black "Milat, Marcel Victor"]
[Result "1/2-1/2"]
[WhiteElo "1703"]
[BlackElo "2213"]
[PlyCount "72"]
[EventDate "2024.01.20"]
[EventType "swiss"]
[EventRounds "10"]
[EventCountry "BRA"]
[SourceTitle "CBM 218 Extra"]
[Source "ChessBase"]
[SourceDate "2024.03.31"]
[SourceVersion "1"]
[SourceVersionDate "2024.03.31"]
[SourceQuality "1"]

1. d4 Nf6 2. Nf3 g6 3. c4 Bg7 4. Nc3 d5 5. Qb3 dxc4 6. Qxc4 0-0 7. e4 a6 8. Bf4 b5 9. Qxc7 Qxc7 10. Bxc7 Bb7 11. e5 Nfd7 12. Bd3 Nc6 13. Be4 Rfc8 14. Bxc6 Bxc6 15. Ba5 e6 16. 0-0 f6 17. Rfe1 Bxf3 18. gxf3 fxe5 19. d5 exd5 20. Nxd5 Rc2 21. Bc3 Rf8 22. Nb4 Rxc3 23. bxc3 Rxf3 24. Re3 Rxe3 25. fxe3 Nc5 26. Rd1 e4 27. Rd8+ Kf7 28. Nd5 Be5 29. h3 h5 30. Rc8 Bd6 31. Rc6 Ke6 32. Nb4 Kd7 33. Rb6 Kc7 34. Nd5+ Kd7 35. Nb4 Kc7 36. Nd5+ Kd7 1/2-1/2

[Event "Catarinense-ch"]
[Site "Itajai"]
[Date "2023.11.25"]
[Round "3"]
[White "Centeno, Daniel de Medeiros"]
[Black "Cordioli, Jairo Ribeiro"]
[Result "0-1"]
[WhiteElo "1324"]
[BlackElo "1738"]
[PlyCount "156"]
[EventDate "2023.11.24"]
[EventType "swiss"]
[EventRounds "6"]
[EventCountry "BRA"]
[SourceTitle "CBM 217 Extra"]
[Source "ChessBase"]
[SourceDate "2024.01.31"]
[SourceVersion "1"]
[SourceVersionDate "2024.01.31"]
[SourceQuality "1"]

1. d4 d5 2. Bf4 e6 3. e3 Bd6 4. Bg3 Nf6 5. Bd3 c5 6. c3 Nc6 7. Nd2 cxd4 8. exd4 e5 9. Qe2 0-0 10. dxe5 Nxe5 11. 0-0-0 Nxd3+ 12. Qxd3 Bg4 13. f3 Bh5 14. Ne2 Bg6 15. Qd4 Rc8 16. Nb3 Re8 17. Nf4 Bxf4+ 18. Bxf4 Rc4 19. Qxc4 dxc4 20. Rxd8 Rxd8 21. Nd4 Nd5 22. Bd2 a6 23. Re1 h6 24. f4 Bd3 25. Re5 f6 26. Re1 Kf7 27. g4 Re8 28. Rxe8 Kxe8 29. h4 Kf7 30. Kd1 g6 31. Ke1 Be4 32. Kf2 f5 33. Kg3 h5 34. g5 Ke7 35. Nf3 Bxf3 36. Kxf3 Kd6 37. Be3 b5 38. Bd4 Ne7 39. Be3 Kd5 40. Bd4 Nc6 41. Bb6 a5 42. Ke3 b4 43. Bc7 a4 44. a3 bxa3 45. bxa3 Na7 46. Ba5 Kc5 47. Bb4+ Kd5 48. Ba5 Nc6 49. Bc7 Kc5 50. Kf3 Ne7 51. Be5 Nd5 52. Bd4+ Kc6 53. Be5 Ne7 54. Ke3 Kd5 55. Bc7 Kc5 56. Be5 Kd5 57. Bc7 Nc8 58. Bb8 Ne7 59. Bc7 Kc5 60. Be5 Nd5+ 61. Kf3 Kc6 62. Bd4 Nc7 63. Bg7 Nb5 64. Bf8 Nxc3 65. Bb4 Ne4 66. Ke3 Kd5 67. Be1 Nd6 68. Bb4 Nb5 69. Be7 Nc7 70. Bf6 Na6 71. Bc3 Nc5 72. Bd4 Ne4 73. Bb2 c3 74. Bc1 Kc4 75. Ke2 c2 76. Ke3 Kc3 77. Ke2 Nc5 78. Bd2+ Kb2 0-1

[Event "Florianopolis op 9th"]
[Site "Florianopolis"]
[Date "2023.01.28"]
[Round "8"]
[White "Cordioli, Jairo Ribeiro"]
[Black "Mendez Machado, Andre"]
[Result "0-1"]
[WhiteElo "1735"]
[BlackElo "1986"]
[PlyCount "31"]
[EventDate "2023.01.23"]
[EventType "swiss"]
[EventRounds "10"]
[EventCountry "BRA"]
[SourceTitle "CBM 212 Extra"]
[Source "ChessBase"]
[SourceDate "2023.03.31"]
[SourceVersion "1"]
[SourceVersionDate "2023.03.31"]
[SourceQuality "1"]

1. d4 Nf6 2. c4 e6 3. a3 d5 4. cxd5 exd5 5. Nc3 b6 6. Nf3 Be7 7. g3 0-0 8. Bg2 Bb7 9. 0-0 Nbd7 10. Ne5 c5 11. Nxd7 Qxd7 12. dxc5 bxc5 13. Qc2 d4 14. Ne4 Nxe4 15. Bxe4 Rab8 16. Rd1 0-1

[Event "Florianopolis op 8th"]
[Site "Florianopolis"]
[Date "2022.01.24"]
[Round "1"]
[White "Cordioli, Jairo Ribeiro"]
[Black "Pires, Marcos Vinicius Tor"]
[Result "0-1"]
[WhiteElo "1706"]
[BlackElo "2302"]
[PlyCount "56"]
[EventDate "2022.01.24"]
[EventType "swiss"]
[EventRounds "10"]
[EventCountry "BRA"]
[SourceTitle "CBM 206 Extra"]
[Source "ChessBase"]
[SourceDate "2022.03.31"]
[SourceVersion "1"]
[SourceVersionDate "2022.03.31"]
[SourceQuality "1"]

1. d4 d5 2. c4 e6 3. Nc3 Nf6 4. Nf3 Be7 5. e3 0-0 6. cxd5 exd5 7. Bd3 c6 8. 0-0 Bg4 9. Be2 Nbd7 10. Bd2 Bd6 11. h3 Bh5 12. Nh2 Bxe2 13. Qxe2 Re8 14. Qd3 Ne4 15. Nxe4 dxe4 16. Qe2 Qc7 17. f4 exf3 18. gxf3 Nf6 19. f4 Bxf4 20. Rxf4 Qxf4 21. exf4 Rxe2 22. Nf3 Rae8 23. Re1 Rxe1+ 24. Bxe1 Nd5 25. Bd2 Re4 26. f5 f6 27. Kf2 Kf7 28. a3 Ne7 0-1

[Event "Pan American-ch U2000"]
[Site "Timbo"]
[Date "2021.12.02"]
[Round "3"]
[White "Domingues, Carlos Almeida"]
[Black "Cordioli, Jairo Ribeiro"]
[Result "1-0"]
[WhiteElo "1719"]
[BlackElo "1726"]
[PlyCount "123"]
[EventDate "2021.12.01"]
[EventType "swiss"]
[EventRounds "9"]
[EventCountry "BRA"]
[SourceTitle "CBM 205 Extra"]
[Source "ChessBase"]
[SourceDate "2022.01.31"]
[SourceVersion "1"]
[SourceVersionDate "2022.01.31"]
[SourceQuality "1"]

1. Nf3 Nf6 2. c4 g6 3. Nc3 Bg7 4. e4 d6 5. d4 0-0 6. Be2 e5 7. 0-0 Nc6 8. d5 Ne7 9. Ne1 Nd7 10. b4 f5 11. f3 f4 12. Bd2 g5 13. Nd3 Rf7 14. c5 Nf6 15. Rc1 Ng6 16. a4 h5 17. c6 b6 18. a5 g4 19. Qa4 gxf3 20. Bxf3 Bg4 21. Ra1 Nh4 22. axb6 cxb6 23. Kf2 Nh7 24. Nb5 Ng5 25. c7 Qf8 26. Ne1 Nhxf3 27. gxf3 Bxf3 28. Nxf3 Nxe4+ 29. Ke2 Nxd2 30. Ng5 f3+ 31. Kxd2 Bh6 32. h4 Rf4 33. Qc2 e4 34. Nxd6 Rxh4 35. Kd1 Bxg5 36. c8Q Rxc8 37. Qxc8 Qxc8 38. Nxc8 e3 39. Rxf3 Rh1+ 40. Ke2 Rxa1 41. Rg3 Ra2+ 42. Kf1 Rf2+ 43. Ke1 Rb2 44. Rxg5+ Kf7 45. b5 Kf6 46. Rxh5 Rxb5 47. Nxa7 Rb2 48. Nc6 Rd2 49. Re5 b5 50. Re6+ Kf5 51. Rxe3 Rh2 52. d6 Rh7 53. Ne7+ Kf4 54. Nd5+ Kf5 55. Re7 Rh1+ 56. Kd2 Rh4 57. Kc3 Rc4+ 58. Kb3 Rc6 59. d7 Rd6 60. Nc7 Kf6 61. Re6+ Rxe6 62. Nxe6 1-0

[Event "Pan American-ch U2000"]
[Site "Timbo"]
[Date "2021.12.01"]
[Round "1"]
[White "Soares, Gustavo Henrique"]
[Black "Cordioli, Jairo Ribeiro"]
[Result "1-0"]
[WhiteElo "1910"]
[BlackElo "1726"]
[PlyCount "50"]
[EventDate "2021.12.01"]
[EventType "swiss"]
[EventRounds "9"]
[EventCountry "BRA"]
[SourceTitle "CBM 205 Extra"]
[Source "ChessBase"]
[SourceDate "2022.01.31"]
[SourceVersion "1"]
[SourceVersionDate "2022.01.31"]
[SourceQuality "1"]

1. d4 Nf6 2. Bg5 Ne4 3. Bf4 d6 4. e3 c5 5. f3 Nf6 6. dxc5 Qa5+ 7. Qd2 Qxc5 8. Nc3 Bd7 9. e4 Nc6 10. Be3 Qa5 11. Nd5 Qxd2+ 12. Bxd2 Nxd5 13. exd5 Ne5 14. 0-0-0 Rc8 15. Bc3 e6 16. Nh3 exd5 17. Nf4 Be6 18. Bb5+ Bd7 19. Bxd7+ Nxd7 20. Nxd5 Nc5 21. Rhe1+ Ne6 22. Ne3 f6 23. Bd4 Be7 24. Nf5 Kf7 25. b3 Rhg8 1-0

[Event "Santa Catarina State-ch 65th"]
[Site "Rio Negrinho"]
[Date "2021.07.24"]
[Round "4"]
[White "Volkmann, Andre Jordi"]
[Black "Cordioli, Jairo Ribeiro"]
[Result "1-0"]
[WhiteElo "2091"]
[BlackElo "1793"]
[PlyCount "69"]
[EventDate "2021.07.22"]
[EventType "swiss"]
[EventRounds "7"]
[EventCountry "BRA"]
[SourceTitle "EXT 2022"]
[Source "ChessBase"]
[SourceDate "2021.10.06"]
[SourceVersion "1"]
[SourceVersionDate "2021.10.06"]
[SourceQuality "1"]

1. Nf3 Nf6 2. b3 g6 3. Bb2 Bg7 4. e3 c5 5. c4 Nc6 6. d4 cxd4 7. Nxd4 0-0 8. Be2 Nxd4 9. Bxd4 e6 10. Bf3 e5 11. Bb2 e4 12. Be2 d5 13. Nd2 Qa5 14. 0-0 Re8 15. a3 Be6 16. Rb1 Rad8 17. Rc1 Bc8 18. Qc2 Bf5 19. Rfd1 Qc7 20. Bxf6 Bxf6 21. g4 Be5 22. gxf5 gxf5 23. Kh1 Re6 24. Rg1+ Kh8 25. Nf1 Qe7 26. Ng3 Rh6 27. Rg2 Rg8 28. Rcg1 Qh4 29. Nf1 Rxg2 30. Rxg2 Rg6 31. f4 Bg7 32. Ng3 Qf6 33. Qd1 Qc3 34. Nxf5 Rxg2 35. Kxg2 1-0

[Event "Santa Catarina State-ch 65th"]
[Site "Rio Negrinho"]
[Date "2021.07.23"]
[Round "3"]
[White "Cordioli, Jairo Ribeiro"]
[Black "Blaskosky, Vinicius"]
[Result "1-0"]
[WhiteElo "1793"]
[BlackElo "1248"]
[PlyCount "79"]
[EventDate "2021.07.22"]
[EventType "swiss"]
[EventRounds "7"]
[EventCountry "BRA"]
[SourceTitle "EXT 2022"]
[Source "ChessBase"]
[SourceDate "2021.10.06"]
[SourceVersion "1"]
[SourceVersionDate "2021.10.06"]
[SourceQuality "1"]

1. d4 Nf6 2. c4 d5 3. Nf3 e6 4. Bg5 Be7 5. Nc3 0-0 6. e3 c6 7. Bd3 dxc4 8. Bxc4 b5 9. Bd3 Nbd7 10. 0-0 Bb7 11. Rc1 Qb6 12. Ne5 Rfe8 13. Nxd7 Nxd7 14. Ne4 Bxg5 15. Nxg5 h6 16. Ne4 Qc7 17. Bxb5 e5 18. d5 c5 19. Bxd7 Qxd7 20. Nxc5 Qxd5 21. Qxd5 Bxd5 22. b3 Red8 23. e4 Be6 24. Rfd1 Rac8 25. Rxd8+ Rxd8 26. Nxe6 fxe6 27. Kf1 Rd7 28. Ke2 Kf7 29. h4 Kf6 30. g4 g5 31. h5 Ke7 32. a4 Rd4 33. f3 Rb4 34. Rc3 Rb7 35. Kd2 Kd7 36. Kc2 Rc7 37. Rxc7+ Kxc7 38. b4 a6 39. Kc3 Kc6 40. Kc4 1-0

[Event "Rio Negrinho Froebel op"]
[Site "Rio Negrinho"]
[Date "2021.07.09"]
[Round "2"]
[White "Cordioli, Jairo Ribeiro"]
[Black "Cordeiro, Marco Aurelio Zaror"]
[Result "1/2-1/2"]
[WhiteElo "1771"]
[BlackElo "2197"]
[PlyCount "105"]
[EventDate "2021.07.09"]
[EventType "swiss"]
[EventRounds "6"]
[EventCountry "BRA"]
[SourceTitle "EXT 2022"]
[Source "ChessBase"]
[SourceDate "2021.10.06"]
[SourceVersion "1"]
[SourceVersionDate "2021.10.06"]
[SourceQuality "1"]

1. d4 c5 2. Nf3 cxd4 3. Nxd4 e5 4. Nb3 d5 5. c3 a5 6. e4 a4 7. Bb5+ Bd7 8. Bxd7+ Nxd7 9. N3d2 Nc5 10. 0-0 dxe4 11. Qe2 Nf6 12. Qb5+ Qd7 13. Qxd7+ Nfxd7 14. Na3 f5 15. Ndc4 Be7 16. Nb5 0-0 17. Be3 Nd3 18. g3 Rac8 19. b3 g5 20. f3 exf3 21. Rxf3 e4 22. Rff1 f4 23. Bd4 Rxc4 24. bxc4 Rc8 25. Rad1 Rxc4 26. gxf4 gxf4 27. Rxd3 exd3 28. Rxf4 d2 29. Rf1 Bf6 30. Rd1 Bxd4+ 31. Nxd4 Ne5 32. Kf2 Rxc3 33. Rxd2 Nc4 34. Re2 Kf7 35. Rc2 Rxc2+ 36. Nxc2 Ke6 37. Ke2 Kd5 38. Kd3 Ne5+ 39. Kc3 Kc5 40. a3 Nc4 41. Kd3 b5 42. Kc3 h5 43. Kd3 h4 44. h3 Nxa3 45. Nxa3 b4 46. Nb1 Kb5 47. Nd2 Kc5 48. Kc2 Kd5 49. Kd3 Ke5 50. Nf3+ Kf4 51. Nxh4 Kg3 52. Nf5+ Kxh3 53. Nd4 1/2-1/2

[Event "Araruama op 1st"]
[Site "Araruama"]
[Date "2021.06.05"]
[Round "4"]
[White "Da Silva, Adilson Antonio"]
[Black "Cordioli, Jairo Ribeiro"]
[Result "0-1"]
[WhiteElo "1696"]
[BlackElo "1793"]
[PlyCount "85"]
[EventDate "2021.06.02"]
[EventType "tourn"]
[EventRounds "6"]
[EventCountry "BRA"]
[SourceTitle "CBM 203 Extra"]
[Source "ChessBase"]
[SourceDate "2021.09.30"]
[SourceVersion "1"]
[SourceVersionDate "2021.09.30"]
[SourceQuality "1"]

1. d4 Nf6 2. c4 g6 3. Nc3 Bg7 4. Nf3 d6 5. e4 0-0 6. Be2 e5 7. d5 Nbd7 8. 0-0 Nc5 9. Nd2 a5 10. Rb1 b6 11. a3 a4 12. b4 axb3 13. f3 Nh5 14. Nxb3 f5 15. Nxc5 bxc5 16. a4 f4 17. Nb5 g5 18. Bd2 Nf6 19. a5 h6 20. Bc3 g4 21. Qb3 Rb8 22. Qa4 Ra8 23. Rb2 Ne8 24. Rfb1 Qh4 25. Be1 g3 26. h3 Qd8 27. a6 Rxa6 28. Ba5 Qd7 29. Bd1 c6 30. dxc6 Qxc6 31. Nc3 Qxa4 32. Bxa4 Rxa5 33. Bxe8 Rxe8 34. Nb5 Rd8 35. Rd2 Bf6 36. Nc7 Ra7 37. Nd5 Be6 38. Nxf6+ Kg7 39. Nh5+ Kg6 40. Nxf4+ exf4 41. e5 Rb8 42. Rbd1 dxe5 43. Rd6 0-1

[Event "Araruama op 1st"]
[Site "Araruama"]
[Date "2021.06.04"]
[Round "3"]
[White "Cordioli, Jairo Ribeiro"]
[Black "De Carvalho, Vitor Augusto Ponci"]
[Result "0-1"]
[WhiteElo "1793"]
[BlackElo "1591"]
[PlyCount "50"]
[EventDate "2021.06.02"]
[EventType "tourn"]
[EventRounds "6"]
[EventCountry "BRA"]
[SourceTitle "CBM 203 Extra"]
[Source "ChessBase"]
[SourceDate "2021.09.30"]
[SourceVersion "1"]
[SourceVersionDate "2021.09.30"]
[SourceQuality "1"]

1. d4 Nf6 2. c4 g6 3. Nc3 d5 4. cxd5 Nxd5 5. e4 Nxc3 6. bxc3 Bg7 7. Be3 c5 8. Nf3 Nc6 9. Rc1 Qa5 10. Bc4 0-0 11. 0-0 Bg4 12. e5 Rad8 13. Qb3 Bxf3 14. gxf3 cxd4 15. cxd4 Nxd4 16. Bxd4 Rxd4 17. Qxb7 Qxe5 18. Rfe1 Qf4 19. Bd5 Be5 20. Kf1 Qxh2 21. Ke2 Rd8 22. Rc5 Bf4 23. Rd1 Rxd1 24. Kxd1 Qxf2 25. Rc2 Qxf3+ 0-1